00285nam a2200097Ia 45000010005000000080041000050820026000461000054000722450037001262600024001634397241024s9999 xx 000 0 und d aRD/344.07/R426r/02-13 aRepública Dominicana. Ministerio de Educación 0aResolución Administrativa 2-13 bSanto Domingoc2013